Mastering visual basic-net/ (Record no. 28057)

MARC details
000 -LEADER
fixed length control field 00841nam a22002297a 4500
005 - DATE AND TIME OF LATEST TRANSACTION
control field 20090703122255.0
008 - FIXED-LENGTH DATA ELEMENTS--GENERAL INFORMATION
fixed length control field 090703t xxu||||| |||| 00| 0 eng d
010 ## - LCCN (DPL NO)
LC control number B-343089
020 ## - INTERNATIONAL STANDARD BOOK NUMBER
International Standard Book Number 8176565407
Terms of availability 540.00
035 ## - SYSTEM CONTROL NUMBER
System control number B-343089
037 ## - SOURCE OF ACQUISITION
Stock number UBH
Source of stock number/acquisition RP/CL/Eng/E:16/18.609/23.6.09/25.6.09
040 ## - CATALOGING SOURCE
Original cataloging agency DPL
Language of cataloging Eng.
082 ## - DEWEY DECIMAL CLASSIFICATION NUMBER
Classification number 005.2768
Item number 1
100 ## - MAIN ENTRY--PERSONAL NAME
Personal name Petroutsos, Evangelos
245 ## - TITLE STATEMENT
Title Mastering visual basic-net/
Statement of responsibility, etc by Evangelos Petroutsos
Medium Eng.
260 ## - PUBLICATION, DISTRIBUTION, ETC. (IMPRINT)
Place of publication, distribution, etc New Delhi
Name of publisher, distributor, etc BPB Publication
Date of publication, distribution, etc 2005
270 ## - ADDRESS
Address B-14, Connaught Place
City New Delhi
Postal code 110001
300 ## - PHYSICAL DESCRIPTION
Extent xxiii,1153p.
Dimensions 24cm.
942 ## - ADDED ENTRY ELEMENTS (KOHA)
Source of classification or shelving scheme Dewey Decimal Classification
Item type English Books
Holdings
Withdrawn status Lost status Source of classification or shelving scheme Damaged status Not for loan Home library Current library Date acquired Source of acquisition Cost, normal purchase price Total Checkouts Full call number Barcode Date last seen Copy number Cost, replacement price Koha item type
    Dewey Decimal Classification     Central Library Central Library 25/06/2009 UBH 540.00 4 005.2768-PET B-343089 07/10/2019 1 540.00 English Books

© Delhi Public Library
Hit Counter
free hit counter